| 000 | 00823nam a2200265Ia 4500 | ||
|---|---|---|---|
| 003 | OSt | ||
| 005 | 20220918171223.0 | ||
| 006 | a|||||r|||| 00| 0 | ||
| 007 | ta | ||
| 008 | 220917b |||||||| |||| 00| 0 eng d | ||
| 020 |
_a9781412980388 (pbk) _c2784.86 |
||
| 024 | _a261,894 | ||
| 037 |
_b333, 20/01/2012, Kilaso Books _cTextual |
||
| 040 |
_aARTS _cARTS _beng |
||
| 041 |
_2eng _aeng |
||
| 082 | _aT4:73, Q1 | ||
| 100 |
_aBell Inge [et...al] _934856 |
||
| 245 | 0 |
_aThis book is not required _b An emotional and intellectual survival manual for students |
|
| 250 | _a4th | ||
| 260 |
_aLos Angeles _bAngles Sage U.S.A _c2011 |
||
| 300 |
_axiv, 302p. _ccm. |
||
| 650 | _aEDUCATION | ||
| 942 |
_hT4:73, Q1 _cTEXL _2CC |
||
| 999 |
_c138397 _d138397 |
||